Something of the Something #1 - Statistics

General Stats
  • This quiz has been taken 32,514 times
    17,936 since last reset
  • The average score is 11 of 18
Answer Stats
Clue Answer % Correct
Tolkien trilogy {Lord} of the {Rings}
95%
Place to find a leprechaun and a pot of gold {End} of the {Rainbow}
85%
Día de los Muertos {Day} of the {Dead}
83%
Person who traditionally pays for a wedding {Father} of the {Bride}
83%
Book about English boys marooned on an island {Lord} of the {Flies}
77%
Song featured in "Rocky III" {Eye} of the {Tiger}
75%
Star Wars: Episode VI {Return} of the {Jedi}
75%
The first Indiana Jones movie {Raiders} of the {Lost} {Ark}
68%
Daredevil activity in Pamplona, Spain {Running} of the {Bulls}
66%
Brazzaville is its capital {Republic} of the {Congo}
64%
In Greek mythology, ambrosia is the ... {Food} of the {Gods}
53%
Drinking more alcohol to cure a hangover {Hair} of the {Dog}
52%
Yearly address of the U.S. President to Congress {State} of the {Union}
52%
Scientists think it's about 13.8 billion years {Age} of the {Universe}
49%
Germany's last offensive on the Western Front in WWII {Battle} of the {Bulge}
45%
Wagner piece about some famous females from Norse mythology {Ride} of the {Valkyries}
44%
"Watery tart" who gave Excalibur to King Arthur {Lady} of the {Lake}
42%
Home world of Dr. Zaius {Planet} of the {Apes}
30%
No matching quizzes found
Score Distribution
Percent of People with Each Score
Percentile by Number Answered
Your Score History
You have not taken this quiz since the last reset